000 00945nam a22002177a 4500
005 20130814143321.0
010 _aENG-108254
020 _c160.00
_a9789381325179
035 _aEN-91787
037 _bDBAD/PUB
082 _a181.45
245 _aBhagavad Gita’s message of harmony and synthesis :
_bpapers read at a seminar held at the Ramakrishna Mission Institute of Culture, Kolkata, India, from January 8 to 9, 2011
260 _aKolkata
_bRamakrishna Mission
_c2012
270 _aInstitute of Culture Gol Park
_bKolkata
_e700029
300 _aviii,248p. ,6 pages of plates :
_c22cm(Hb)
_bill.
500 _a Includes bibliographical references.
520 _a Papers presented in a seminar held at Ramakrishna Mission Institute of Culture, Kolkata from January 8 to 9, 2011.
650 _a Harmony (Philosophy)
_vCongresses.
710 _aRamakrishna Mission
_bInstitute of Culture
942 _2ddc
_cEN
_mBHA
_h181.45
999 _c78254
_d78254